the largest cities of Russia - Statistics

General Stats
  • This quiz has been taken 111 times
  • The average score is 7 of 10
Answer Stats
Hint Answer % Correct
13,15M Moscow
100%
5,61M Saint Petersburg
99%
1,31M Kazan
78%
1,63M Novosibirsk
74%
1,53M Yekaterinburg
71%
1,20M Nizhny Novgorod
67%
1,16M Ufa
56%
1,17M Chelyabinsk
53%
1,15M Samara
51%
1,20M Krasnoyarsk
49%
No matching quizzes found
Score Distribution
Percent of People with Each Score
Percentile by Number Answered
Your Score History
You have not taken this quiz